000 00531nam a2200205Ia 4500
003 BUBTL
008 151213s9999 xx 000 0 und d
020 _a1-85573-988-7
082 _a677HOT
100 _aHossack,D.C.
_91659
245 _aTare Yearns :
_cD.C.Hossack
260 _aEngland :
_bWoodhead Publication Ltd,
_cc2004.
300 _avi,58 p.
440 _91660
_aA Merrow Monograph
650 _aTextiles
650 _aTextiles
856 _k0
_l0
_yDownload
942 _2ddc
_cBK
999 _c3943
_d3943